00736nam a2200205Ia 450000500170000000800460001703700110006304000080007404000080008204000080009004100080009804100080010608400080011410000500012224502600017226000090043230000100044165000120045170000670046320260430150053.0008 250103s9999 xx 000 0 eng d aTheses aCRL beng ceng 2eng aeng qCRL aSengupta Madhumita Au.; Seth Rakesh Kumar Gu. 0aRadiobiological investigartions on reproductive competence of radio-sterilized female moth,spodoptera litura (Fabr.) for its combined release with sub-sterilized males in employment of radiation mediated 'inherited sterility technique' for peast suppressi c2022 a102p. aZoology aUniversity of Delhi. Faculty of Science. Department of Zoology